000 00503nam a2200169Ia 4500
008 240729s9999 xx 000 0 und d
022 _a2666-9110
245 0 _aJournal of Hazardous Materials Letters
260 _aNetherlands
260 _bElsevier
650 _a Environmental technology. Sanitary engineering
650 _a Hazardous substances and their disposal
650 _aTechnology
856 _uhttps://doaj.org/toc/4f43eec077a34d10b6746489e235fea8
942 _2ddc
942 _cDOAJEJ
999 _c66168
_d66168
945 _a1
_bMadushi Gamage
_c1
_dMadushi Gamage